Samajashastra. (Record no. 87098)

MARC details
000 -LEADER
fixed length control field 00576nam a2200193Ia 4500
003 - CONTROL NUMBER IDENTIFIER
control field OSt
005 - DATE AND TIME OF LATEST TRANSACTION
control field 20260417105649.0
008 - FIXED-LENGTH DATA ELEMENTS--GENERAL INFORMATION
fixed length control field 210210b1971 xxu||||| |||| 00| 0 eng d
040 ## - CATALOGING SOURCE
Transcribing agency AL
041 ## - LANGUAGE CODE
Language code of text/sound track or separate title Kannada
082 ## - DEWEY DECIMAL CLASSIFICATION NUMBER
Classification number 301K CHAS
100 ## - MAIN ENTRY--PERSONAL NAME
Personal name CHANNABASAVAYYA (H) and Others.
Dates associated with a name ಚನ್ನಬಸವಯ್ಯ (ಹೆಚ್) ಮತ್ತು ಇತರರು
9 (RLIN) 261998
245 ## - TITLE STATEMENT
Title Samajashastra.
Remainder of title ಸಮಾಜಶಾಸ್ತ್ರ.
260 ## - PUBLICATION, DISTRIBUTION, ETC.
Place of publication, distribution, etc. Bengaluru
Name of publisher, distributor, etc. Vishvavidyalaya
Date of publication, distribution, etc. 1971
300 ## - PHYSICAL DESCRIPTION
Extent vi,304
690 ## - LOCAL SUBJECT ADDED ENTRY--TOPICAL TERM (OCLC, RLIN)
Topical term or geographic name as entry element Sociology
9 (RLIN) 261999
906 ## - LOCAL DATA ELEMENT F, LDF (RLIN)
a 037114
942 ## - ADDED ENTRY ELEMENTS (KOHA)
Source of classification or shelving scheme Dewey Decimal Classification
Koha item type Book
Holdings
Withdrawn status Lost status Source of classification or shelving scheme Damaged status Not for loan Collection code Home library Current library Shelving location Date acquired Cost, normal purchase price Total Checkouts Full call number Barcode Date last seen Price effective from Koha item type
    Dewey Decimal Classification     Sociology St Aloysius Library St Aloysius Library   02/17/2021 5.00   301K CHAS 037114 02/17/2021 02/17/2021 Book